000 00350pab a2200157 454500
008 180718b2012 xxu||||| |||| 00| 0 eng d
100 _aSunanda, Mary
245 _aNeed for greater reforms in ICDS
260 _c2012
300 _ap.35-38.
362 _aSep
650 _aChild welfare
773 _aKurukshetra
908 _aN
909 _a97805
999 _c97804
_d97804